[Event "POL-chT3 Wielkopolskie 1314"]
[Site "Poland"]
[Date "2013.10.27"]
[Round "1.33"]
[White "Kaluzny, Wlodzimierz"]
[Black "Wojciechowski, Antoni"]
[Result "1-0"]
[WhiteElo "1928"]
[BlackElo "1520"]
[PlyCount "113"]
[EventDate "2013.10.27"]
[EventType "team-tourn"]
[EventRounds "11"]
[EventCountry "POL"]
[SourceTitle "EXT 2015"]
[Source "ChessBase"]
[SourceDate "2014.11.20"]
[SourceVersion "1"]
[SourceVersionDate "2014.11.20"]
[SourceQuality "1"]
[WhiteTeam "Poznan Politechnika II"]
[BlackTeam "Poznan UMKS Na Pieterku"]
[WhiteTeamCountry "POL"]
[BlackTeamCountry "POL"]

1. d4 Nf6 2. Nf3 g6 3. Bf4 Bg7 4. e3 0-0 5. h3 d6 6. Bc4 c5 7. c3 Nbd7 8. 0-0 a6 9. a4 Qa5 10. Nbd2 Nb6 11. Nb3 Nxc4 12. Nxa5 Nxa5 13. Nd2 cxd4 14. exd4 Be6 15. Re1 Nh5 16. Bh2 Bh6 17. Nf1 Nc4 18. b3 Nb6 19. c4 Bg7 20. Ra2 d5 21. c5 Nd7 22. b4 Rfc8 23. Rc2 Nhf6 24. Ne3 Ne4 25. f3 Nef6 26. Qd3 Ne8 27. Rd1 Nc7 28. Qb3 Bh6 29. g4 Kf8 30. f4 f6 31. h4 Bg7 32. f5 Bf7 33. Qd3 Kg8 34. Ng2 g5 35. Re1 e6 36. hxg5 fxg5 37. b5 exf5 38. gxf5 axb5 39. axb5 Ra4 40. Be5 Nf6 41. c6 b6 42. Ne3 h6 43. Ree2 Ra7 44. Ra2 Rca8 45. Rxa7 Rxa7 46. Qb3 Nfe8 47. Rf2 Bf6 48. Ng4 Kg7 49. Nxf6 Nxf6 50. Qb4 Nce8 51. Rc2 Ra1+ 52. Kg2 Ra8 53. c7 Rc8 54. Rc6 Kg8 55. Bxf6 Nxf6 56. Rxf6 Rxc7 57. Rxb6 1-0

[Event "Rewal op-B 18th"]
[Site "Rewal"]
[Date "2013.08.23"]
[Round "4"]
[White "Kwasniewski, Pawel"]
[Black "Kaluzny, Wlodzimierz"]
[Result "1/2-1/2"]
[WhiteElo "1536"]
[BlackElo "1922"]
[PlyCount "60"]
[EventDate "2013.08.20"]
[EventType "swiss"]
[EventRounds "9"]
[EventCountry "POL"]
[SourceTitle "CBM 156 Extra"]
[Source "ChessBase"]
[SourceDate "2013.10.22"]
[SourceVersion "1"]
[SourceVersionDate "2013.10.22"]
[SourceQuality "1"]

1. d4 d5 2. c4 e6 3. Nc3 f5 4. Bf4 c6 5. e3 Nf6 6. Nf3 Be7 7. Be2 0-0 8. 0-0 Ne4 9. h3 Nd7 10. Ne5 Nxe5 11. Bxe5 Bd6 12. f4 Bxe5 13. dxe5 Qb6 14. Nxe4 fxe4 15. Qd4 Qxd4 16. exd4 Bd7 17. Rac1 Rac8 18. c5 Rb8 19. Rc3 b6 20. b3 bxc5 21. Rxc5 Rb4 22. Ra5 Rxd4 23. Rxa7 Rd2 24. Bg4 Bc8 25. Rc7 Ba6 26. Bxe6+ Kh8 27. Re1 g6 28. Rxc6 Rxf4 29. Rxa6 Rff2 30. Bxd5 Rxg2+ 1/2-1/2

[Event "Rewal op-B 18th"]
[Site "Rewal"]
[Date "2013.08.20"]
[Round "1"]
[White "Kaluzny, Wlodzimierz"]
[Black "Drela, Michal"]
[Result "1-0"]
[WhiteElo "1922"]
[BlackElo "1643"]
[PlyCount "65"]
[EventDate "2013.08.20"]
[EventType "swiss"]
[EventRounds "9"]
[EventCountry "POL"]
[SourceTitle "CBM 156 Extra"]
[Source "ChessBase"]
[SourceDate "2013.10.22"]
[SourceVersion "1"]
[SourceVersionDate "2013.10.22"]
[SourceQuality "1"]

1. d4 d5 2. Nf3 Nf6 3. c3 c6 4. Bf4 Bf5 5. e3 Nbd7 6. Bd3 Bxd3 7. Qxd3 e6 8. Nbd2 Nh5 9. Bg3 Nxg3 10. hxg3 Nf6 11. e4 dxe4 12. Nxe4 Nxe4 13. Qxe4 h6 14. 0-0 Be7 15. Rfe1 0-0 16. Rad1 Bf6 17. Qc2 Qd5 18. b3 Rad8 19. Ne5 Bxe5 20. Rxe5 Qd6 21. Rde1 Rfe8 22. Qe2 Qa3 23. f4 Rf8 24. g4 Rd5 25. g5 hxg5 26. Rxd5 cxd5 27. fxg5 Qa5 28. Qd2 Rc8 29. Re3 Qc7 30. Rh3 g6 31. Qf2 f5 32. gxf6 Rf8 33. Qh4 1-0

[Event "Rewal op-B 17th"]
[Site "Rewal"]
[Date "2012.08.??"]
[Round "7"]
[White "Kaluzny, Wlodzimierz"]
[Black "Kopica, Paulina"]
[Result "1/2-1/2"]
[WhiteElo "2011"]
[BlackElo "1744"]
[PlyCount "117"]
[EventDate "2012.08.20"]
[EventType "swiss"]
[EventRounds "9"]
[EventCountry "POL"]
[SourceTitle "EXT 2014"]
[Source "ChessBase"]
[SourceDate "2013.11.20"]
[SourceVersion "1"]
[SourceVersionDate "2013.11.20"]
[SourceQuality "1"]

1. d4 e6 2. Nf3 f5 3. Bf4 Nf6 4. e3 b6 5. Bc4 Bb7 6. 0-0 Be7 7. h3 0-0 8. Nbd2 Qc8 9. Rc1 h6 10. Bh2 d6 11. Bb3 Ne4 12. c4 Bf6 13. Nxe4 Bxe4 14. Nd2 Bb7 15. Qc2 Kh8 16. Qd3 e5 17. Bc2 e4 18. Qe2 Qe6 19. b3 Nd7 20. Rfe1 Bg5 21. Bg3 Rae8 22. b4 c6 23. a4 Qe7 24. a5 bxa5 25. Rb1 axb4 26. Rxb4 Ba6 27. Ra1 d5 28. Rba4 Bxc4 29. Nxc4 dxc4 30. Rxa7 Qe6 31. R1a6 Rc8 32. Qd2 Bd8 33. d5 Qe8 34. Rxc6 Rxc6 35. dxc6 Ne5 36. c7 Bf6 37. Ba4 Qe6 38. Bxe5 Bxe5 39. Qb4 Rc8 40. Qc5 c3 41. Bc2 Qd6 42. Qxd6 Bxd6 43. g4 fxg4 44. hxg4 Bxc7 45. Rb7 Bd6 46. Rd7 Bc5 47. Kg2 Kg8 48. Bxe4 Bxe3 49. fxe3 c2 50. Bxc2 Rxc2+ 51. Kf3 Rc4 52. Ra7 Kh7 53. Ra6 Kg8 54. e4 Kf7 55. Kf4 Rb4 56. Rc6 Ra4 57. Kf5 Ra5+ 58. e5 g6+ 59. Kf4 1/2-1/2

[Event "Poznan op"]
[Site "Poznan"]
[Date "2012.??.??"]
[Round "2"]
[White "Gajzner, Ryszard"]
[Black "Kaluzny, Wlodzimierz"]
[Result "0-1"]
[WhiteElo "1738"]
[BlackElo "2006"]
[PlyCount "115"]
[EventDate "2012.07.14"]
[EventType "swiss"]
[EventRounds "9"]
[EventCountry "POL"]
[SourceTitle "CBM 149 Extra"]
[Source "ChessBase"]
[SourceDate "2012.08.24"]
[SourceVersion "1"]
[SourceVersionDate "2012.08.24"]
[SourceQuality "1"]

1. Nf3 d5 2. c4 e6 3. g3 c6 4. b3 Be7 5. Bb2 Bf6 6. Nc3 Ne7 7. Bg2 0-0 8. 0-0 b6 9. cxd5 exd5 10. d4 Bf5 11. Re1 Nd7 12. e4 dxe4 13. Nxe4 Bxe4 14. Rxe4 Rc8 15. Bh3 Rc7 16. Qe1 Re8 17. Rd1 Nf8 18. d5 cxd5 19. Bxf6 gxf6 20. Re2 Nfg6 21. Nd4 a6 22. f4 Rf8 23. Bg2 Qd6 24. Kh1 Rfc8 25. Bh3 Rd8 26. Red2 Kf8 27. Qe2 Qa3 28. Qh5 Kg7 29. Qg4 Kh8 30. Nf5 Rc1 31. Ne3 Rxd1+ 32. Qxd1 Qc5 33. Rd3 Nf8 34. Qa1 d4 35. Qd1 Nc6 36. Nc2 f5 37. Ne3 Ne6 38. Nxf5 Qd5+ 39. Bg2 Qxf5 40. Bxc6 Qc5 41. Be4 f5 42. Bb7 Qd6 43. Qe2 Nc5 44. Bf3 Nxd3 45. Qxd3 Qc5 46. Bd1 Re8 47. Kg2 Re3 48. Qxa6 Qc6+ 49. Kf2 Rc3 50. Qe2 Re3 51. Qd2 Qc5 52. Bc2 Rc3 53. Bd3 Kg7 54. g4 fxg4 55. f5 Qe7 56. Be2 Qe3+ 57. Qxe3 dxe3+ 58. Kf1 0-1

[Event "Poznan op"]
[Site "Poznan"]
[Date "2012.??.??"]
[Round "7"]
[White "Kaluzny, Wlodzimierz"]
[Black "Kaczmarek, Piotr1111"]
[Result "1-0"]
[WhiteElo "2006"]
[BlackElo "1832"]
[PlyCount "115"]
[EventDate "2012.07.14"]
[EventType "swiss"]
[EventRounds "9"]
[EventCountry "POL"]
[SourceTitle "CBM 149 Extra"]
[Source "ChessBase"]
[SourceDate "2012.08.24"]
[SourceVersion "1"]
[SourceVersionDate "2012.08.24"]
[SourceQuality "1"]

1. d4 g6 2. Nf3 Bg7 3. Bf4 d6 4. e3 Nd7 5. h3 e5 6. Bg5 f6 7. Bh4 Nh6 8. Bg3 Qe7 9. Be2 0-0 10. Nc3 c6 11. Qd2 e4 12. Ng1 d5 13. Bf1 Nf5 14. Bh2 Nd6 15. 0-0-0 a5 16. f3 f5 17. Bxd6 Qxd6 18. f4 b5 19. g4 Nb6 20. gxf5 Bxf5 21. h4 b4 22. Nb1 Nc4 23. Bxc4 dxc4 24. Ne2 Bg4 25. Rhg1 h5 26. Rde1 Rad8 27. c3 Qe7 28. Ng3 c5 29. Qc2 cxd4 30. cxd4 c3 31. bxc3 bxc3 32. Qxe4 Qb4 33. Qc2 a4 34. Rg2 Rb8 35. a3 Qa5 36. Ne2 Rfc8 37. Reg1 Rb2 38. Qxg6 c2 39. Kxb2 Qb5+ 40. Ka1 Qb3 41. Rxg4 hxg4 42. Rc1 cxb1Q+ 43. Qxb1 Qxa3+ 44. Qa2+ Qxa2+ 45. Kxa2 Rxc1 46. Nxc1 Bf8 47. Ne2 Be7 48. d5 Bxh4 49. Ka3 Bf2 50. e4 g3 51. Kxa4 g2 52. Kb5 Kf7 53. Kc6 g1Q 54. Nxg1 Bxg1 55. Kd7 Bd4 56. e5 Kf8 57. e6 Bf6 58. d6 1-0

[Event "Poznan op"]
[Site "Poznan"]
[Date "2012.??.??"]
[Round "8"]
[White "Rozumek, Krzysztof"]
[Black "Kaluzny, Wlodzimierz"]
[Result "1/2-1/2"]
[WhiteElo "1945"]
[BlackElo "2006"]
[PlyCount "43"]
[EventDate "2012.07.14"]
[EventType "swiss"]
[EventRounds "9"]
[EventCountry "POL"]
[SourceTitle "CBM 149 Extra"]
[Source "ChessBase"]
[SourceDate "2012.08.24"]
[SourceVersion "1"]
[SourceVersionDate "2012.08.24"]
[SourceQuality "1"]

1. h3 d5 2. c3 e6 3. d4 f5 4. Bf4 Bd6 5. Bxd6 Qxd6 6. e3 Nf6 7. Qa4+ c6 8. Qa3 Qxa3 9. Nxa3 Nbd7 10. Nf3 0-0 11. c4 Ne4 12. Bd3 h6 13. h4 Ndf6 14. Ne5 Nd7 15. Ng6 Re8 16. f4 Nf8 17. Ne5 Nd7 18. Ng6 Nf8 19. Ne5 Nd7 20. Ng6 Nf8 21. Ne5 Nd7 22. Ng6 1/2-1/2

[Event "Poznan op"]
[Site "Poznan"]
[Date "2012.??.??"]
[Round "6"]
[White "Zakrzewski, Marek"]
[Black "Kaluzny, Wlodzimierz"]
[Result "1-0"]
[WhiteElo "2112"]
[BlackElo "2006"]
[PlyCount "57"]
[EventDate "2012.07.14"]
[EventType "swiss"]
[EventRounds "9"]
[EventCountry "POL"]
[SourceTitle "CBM 149 Extra"]
[Source "ChessBase"]
[SourceDate "2012.08.24"]
[SourceVersion "1"]
[SourceVersionDate "2012.08.24"]
[SourceQuality "1"]

1. e4 e6 2. d4 d5 3. Nd2 dxe4 4. Nxe4 Nd7 5. Nf3 Ngf6 6. Bg5 Be7 7. Nxf6+ Bxf6 8. Qd2 c6 9. h4 b6 10. 0-0-0 Bb7 11. Bf4 Be7 12. Be2 Nf6 13. Ne5 Nd7 14. Bf3 Nxe5 15. Bxe5 Bxh4 16. Qc3 0-0 17. Kb1 Bf6 18. Be4 h6 19. Qg3 Re8 20. Rxh6 Bxe5 21. Rdh1 Kf8 22. Rh8+ Ke7 23. Rxe8+ Qxe8 24. dxe5 Qg8 25. Qg5+ Ke8 26. Rh7 g6 27. Bxg6 Qxg6 28. Rh8+ Kd7 29. Qd2+ 1-0

[Event "Poznan op 21th"]
[Site "Poznan"]
[Date "2011.08.11"]
[Round "6"]
[White "Kaluzny, Wlodzimierz"]
[Black "Jakubowski, Maciej"]
[Result "1/2-1/2"]
[WhiteElo "2114"]
[BlackElo "2343"]
[PlyCount "36"]
[EventDate "2011.08.06"]
[EventType "swiss"]
[EventRounds "9"]
[EventCountry "POL"]
[SourceTitle "CBM 143 Extra"]
[Source "ChessBase"]
[SourceDate "2011.08.29"]
[SourceVersion "1"]
[SourceVersionDate "2011.08.29"]
[SourceQuality "1"]

1. d4 d5 2. Nf3 Bf5 3. Bf4 Nf6 4. c3 Nc6 5. e3 a6 6. h3 h6 7. Nbd2 e6 8. Ne5 Nxe5 9. dxe5 Ne4 10. Be2 Bc5 11. 0-0 Qh4 12. Nf3 Qh5 13. Nd4 Qh4 14. Nxf5 exf5 15. Qa4+ c6 16. Bg3 Qg5 17. Bf4 Qh4 18. Bg3 Qg5 1/2-1/2

[Event "Poznan op 21th"]
[Site "Poznan"]
[Date "2011.08.09"]
[Round "4"]
[White "Warakomski, Tomasz"]
[Black "Kaluzny, Wlodzimierz"]
[Result "1-0"]
[WhiteElo "2473"]
[BlackElo "2114"]
[PlyCount "97"]
[EventDate "2011.08.06"]
[EventType "swiss"]
[EventRounds "9"]
[EventCountry "POL"]
[SourceTitle "CBM 143 Extra"]
[Source "ChessBase"]
[SourceDate "2011.08.29"]
[SourceVersion "1"]
[SourceVersionDate "2011.08.29"]
[SourceQuality "1"]

1. e4 e6 2. d4 d5 3. Nd2 dxe4 4. Nxe4 Nd7 5. Nf3 Ngf6 6. Nxf6+ Nxf6 7. Bd3 Be7 8. Qe2 Bd7 9. Ne5 0-0 10. 0-0 Bc6 11. Nxc6 bxc6 12. Rd1 Qd6 13. b3 c5 14. Bb2 Qb6 15. dxc5 Qxc5 16. c4 Rfd8 17. Bc3 a5 18. Bc2 Qb6 19. Qf3 Rac8 20. h3 h6 21. a3 c5 22. a4 Kf8 23. Qe3 Rxd1+ 24. Rxd1 Rd8 25. Rb1 Rb8 26. Qe1 Bd8 27. Rd1 Rb7 28. Qe5 Bc7 29. Qe3 Bd8 30. Rxd8+ Qxd8 31. Qxc5+ Kg8 32. Bxa5 Qb8 33. Bc3 Nd7 34. Qd4 e5 35. Qd5 Qc7 36. a5 Rb8 37. Qe4 g6 38. b4 Kh7 39. Qd5 Kg7 40. c5 f6 41. Bb3 Rf8 42. c6 Nb8 43. b5 Rd8 44. b6 Qe7 45. Qc4 Qa3 46. Qf7+ Kh8 47. Qxf6+ Kh7 48. Qf7+ Kh8 49. Bxe5# 1-0

[Event "Poznan op 21th"]
[Site "Poznan"]
[Date "2011.08.06"]
[Round "1"]
[White "Koper, Konrad"]
[Black "Kaluzny, Wlodzimierz"]
[Result "0-1"]
[WhiteElo "1650"]
[BlackElo "2114"]
[PlyCount "86"]
[EventDate "2011.08.06"]
[EventType "swiss"]
[EventRounds "9"]
[EventCountry "POL"]
[SourceTitle "CBM 143 Extra"]
[Source "ChessBase"]
[SourceDate "2011.08.29"]
[SourceVersion "1"]
[SourceVersionDate "2011.08.29"]
[SourceQuality "1"]

1. c4 e6 2. d4 d5 3. Nc3 f5 4. Nf3 c6 5. b3 Nf6 6. g3 Bd6 7. Bg2 0-0 8. 0-0 Nbd7 9. Bf4 Qc7 10. e3 Qb8 11. Rc1 h6 12. Nd2 Ne4 13. Bxd6 Qxd6 14. f3 Nxc3 15. Rxc3 b6 16. cxd5 exd5 17. Qc2 Bb7 18. Qd3 Rad8 19. e4 dxe4 20. fxe4 fxe4 21. Rxf8+ Nxf8 22. Nxe4 Qxd4+ 23. Qxd4 Rxd4 24. Nf2 Rd6 25. Re3 Rd7 26. Bh3 Rc7 27. Ne4 Bc8 28. Bg2 Be6 29. Rc3 c5 30. Nd6 Rd7 31. Rd3 c4 32. bxc4 Bxc4 33. Bd5+ Bxd5 34. Rxd5 Ng6 35. Kf2 Ne7 36. Rd2 Nc6 37. Ke3 Kf8 38. Ke4 Na5 39. Kd5 Rxd6+ 40. Kxd6 Nc4+ 41. Kc7 Nxd2 42. Kb7 Nc4 43. Kxa7 Ke7 0-1

[Event "Poznan op 20th"]
[Site "Poznan"]
[Date "2011.07.18"]
[Round "3"]
[White "Piechota, Izabela"]
[Black "Kaluzny, Wlodzimierz"]
[Result "1/2-1/2"]
[WhiteElo "1780"]
[BlackElo "2114"]
[PlyCount "68"]
[EventDate "2011.07.16"]
[EventType "swiss"]
[EventRounds "9"]
[EventCountry "POL"]
[SourceTitle "CBM 143 Extra"]
[Source "ChessBase"]
[SourceDate "2011.08.29"]
[SourceVersion "1"]
[SourceVersionDate "2011.08.29"]
[SourceQuality "1"]

1. e4 e6 2. d4 b6 3. g3 Bb7 4. Bg2 d6 5. Be3 Nf6 6. f3 Be7 7. Nd2 0-0 8. Ne2 c5 9. c3 Nc6 10. 0-0 Qc7 11. a3 cxd4 12. cxd4 Ba6 13. Re1 Bxe2 14. Qxe2 Rac8 15. b4 Qd7 16. f4 d5 17. e5 Ne8 18. Bh3 g6 19. Bf2 Ng7 20. g4 f6 21. Bf1 fxe5 22. fxe5 Rc7 23. Nf3 Rfc8 24. Qd2 a5 25. b5 Nd8 26. Qd1 Nf7 27. Be3 Qd8 28. h3 Ng5 29. Nxg5 Bxg5 30. Qd2 Be7 31. Rab1 Rc2 32. Qd1 Qf8 33. a4 Qf3 34. Bd2 Qf8 1/2-1/2

[Event "Slesin Way to success 4th"]
[Site "Slesin"]
[Date "2011.05.22"]
[Round "5.3"]
[White "Kaluzny, Wlodzimierz"]
[Black "Zielinski, Hubert"]
[Result "1-0"]
[WhiteElo "2133"]
[BlackElo "1882"]
[PlyCount "95"]
[EventDate "2011.05.20"]
[EventType "swiss"]
[EventRounds "5"]
[EventCountry "POL"]
[SourceTitle "EXT 2023"]
[Source "ChessBase"]
[SourceDate "2022.10.05"]
[SourceVersion "1"]
[SourceVersionDate "2022.10.05"]
[SourceQuality "1"]

1. d4 Nf6 2. Nf3 g6 3. Bf4 Bg7 4. e3 0-0 5. h3 d5 6. Bd3 c5 7. c3 Nc6 8. Nbd2 cxd4 9. exd4 a6 10. 0-0 b5 11. a3 Bb7 12. Re1 Nd7 13. Qe2 Re8 14. Ne5 Ncxe5 15. dxe5 Nc5 16. Rad1 Ne6 17. Bg3 d4 18. Nf3 Bxf3 19. Qxf3 Qb6 20. cxd4 Nxd4 21. Qg4 Ne6 22. Bb1 Rad8 23. Ba2 Rxd1 24. Rxd1 h5 25. Qe4 Rd8 26. Rxd8+ Nxd8 27. Qd5 Ne6 28. Qa8+ Kh7 29. Qe8 h4 30. Bxh4 Qd4 31. Bg3 Qxb2 32. Bxe6 fxe6 33. Qxe7 Qc1+ 34. Kh2 Qc4 35. f4 Kg8 36. Qd8+ Kf7 37. Qd7+ Kg8 38. Qd2 Bh6 39. h4 Bf8 40. Qd8 b4 41. axb4 Qxb4 42. Qf6 Kh7 43. Qxe6 a5 44. h5 gxh5 45. Qf7+ Kh8 46. Qxh5+ Kg8 47. Qg6+ Kh8 48. Qf7 1-0

[Event "Slesin Way to success 4th"]
[Site "Slesin"]
[Date "2011.05.20"]
[Round "1.2"]
[White "Dziewa, Aleksander"]
[Black "Kaluzny, Wlodzimierz"]
[Result "0-1"]
[WhiteElo "1534"]
[BlackElo "2133"]
[PlyCount "54"]
[EventDate "2011.05.20"]
[EventType "swiss"]
[EventRounds "5"]
[EventCountry "POL"]
[SourceTitle "EXT 2023"]
[Source "ChessBase"]
[SourceDate "2022.10.05"]
[SourceVersion "1"]
[SourceVersionDate "2022.10.05"]
[SourceQuality "1"]

1. d4 d5 2. c4 e6 3. Nf3 c6 4. e3 f5 5. Nc3 Nf6 6. c5 b6 7. cxb6 axb6 8. Bd3 Bd6 9. 0-0 0-0 10. b3 Bd7 11. Ne5 Be8 12. Be2 c5 13. Nb5 Bxb5 14. Bxb5 Qc7 15. f4 Nfd7 16. Rf3 Nxe5 17. fxe5 Be7 18. Rh3 g6 19. Bd2 Nc6 20. Be1 Rfc8 21. Rg3 cxd4 22. exd4 Nxd4 23. Be2 Qxe5 24. Bf1 Nc2 25. Rc1 Qxe1 26. Qxe1 Nxe1 27. Rxe1 Bh4 0-1

[Event "Rowy Veterans 14th"]
[Site "Rowy"]
[Date "2008.09.03"]
[Round "6.4"]
[White "Santura, Janusz"]
[Black "Kaluzny, Wlodzimierz"]
[Result "1/2-1/2"]
[WhiteElo "1808"]
[BlackElo "2159"]
[PlyCount "88"]
[EventDate "2008.08.30"]
[EventType "swiss"]
[EventRounds "9"]
[EventCountry "POL"]
[SourceTitle "EXT 2023"]
[Source "ChessBase"]
[SourceDate "2022.10.05"]
[SourceVersion "1"]
[SourceVersionDate "2022.10.05"]
[SourceQuality "1"]

1. d4 d5 2. Nf3 e6 3. c4 c6 4. Nc3 f5 5. g3 Nf6 6. Bg2 Bd6 7. b3 0-0 8. 0-0 Nbd7 9. Bb2 Ne4 10. Qc2 Ndf6 11. Ne5 Bxe5 12. dxe5 Nd7 13. Rad1 Qe7 14. Nxe4 fxe4 15. f3 exf3 16. exf3 Rf7 17. Qe2 Nf8 18. f4 b6 19. f5 Bb7 20. Qg4 Re8 21. f6 Qc7 22. Rf2 Ng6 23. Qg5 dxc4 24. bxc4 c5 25. Bxb7 Qxb7 26. Rfd2 Nf8 27. Qe3 Qc7 28. Rd6 Qb7 29. Qd3 Qa8 30. Rf1 Qb7 31. Rf4 Qc7 32. Rg4 Qb7 33. Bc1 Kh8 34. Bg5 g6 35. Bh6 Qc7 36. h4 Nd7 37. Bf4 Nf8 38. h5 gxh5 39. Rg5 Ng6 40. Bc1 b5 41. Rxh5 Rg8 42. Bh6 Nf8 43. Bg7+ Rfxg7 44. fxg7+ Qxg7 1/2-1/2